[Event "56th ch-CUB 2019"]
[Site "Santa Clara CUB"]
[Date "2019.02.06"]
[Round "4.4"]
[White "Almeida Quintana, Omar"]
[Black "Hernandez Gonzalez, William"]
[Result "1-0"]
[WhiteTitle "GM"]
[BlackTitle "IM"]
[WhiteElo "2550"]
[BlackElo "2445"]
[WhiteFideId "3503313"]
[BlackFideId "3509915"]
[EventDate "2019.02.03"]
[EventType "tourn"]

1. d4 Nf6 2. c4 e6 3. Nf3 c5 4. d5 b5 5. Bg5 exd5 6. cxd5 h6 7. Bxf6 Qxf6 8. Qc2
Be7 9. e4 Qb6 10. a4 bxa4 11. Nbd2 Na6 12. Qxa4 Nb4 13. Bc4 O-O 14. O-O d6 15.
Rfe1 Bf6 16. Bf1 Qd8 17. Nc4 Bg4 18. Nfd2 a6 19. Qb3 Bc8 20. f4 Rb8 21. e5 dxe5
22. fxe5 Bg5 23. d6 Nc6 24. Qd1 Be6 25. Nf3 a5 26. b3 Bg4 27. Be2 Be6 28. Bd3
Nd4 29. Nxd4 cxd4 30. Qf3 Rxb3 31. Bh7+ Kxh7 32. Qxb3 Be3+ 33. Kh1 Qg5 34. Qd3+
Bf5 35. Qe2 Bg4 36. Qf1 Kg8 37. Rxa5 Bd2 38. Nxd2 Qxd2 39. Ra3 Qb4 40. Rg3 Bf5
41. Rd1 Bc2 42. Qf6 g6 43. e6 Qb7 44. d7 1-0

[Event "56th ch-CUB 2019"]
[Site "Santa Clara CUB"]
[Date "2019.02.06"]
[Round "4.5"]
[White "Fernandez Cardoso, Alexey"]
[Black "Martinez Duany, Lelys Stanley"]
[Result "1/2-1/2"]
[WhiteTitle "IM"]
[BlackTitle "GM"]
[WhiteElo "2437"]
[BlackElo "2547"]
[WhiteFideId "3504379"]
[BlackFideId "3504727"]
[EventDate "2019.02.03"]
[EventType "tourn"]

1. e4 d5 2. exd5 Qxd5 3. Nc3 Qa5 4. Bc4 c6 5. Nge2 Bf5 6. O-O Nf6 7. d3 e6 8.
Ng3 Nbd7 9. Bd2 Bg6 10. f4 Bd6 11. Qe2 O-O 12. Nce4 Bb4 13. c3 Be7 14. Ng5 Rae8
15. b4 Qc7 16. Rae1 h6 17. Nf3 Nh5 18. Nxh5 Bxh5 19. d4 a5 20. a3 Bd6 21. g3
axb4 22. axb4 Ra8 23. Bd3 b5 24. Qg2 Bxf3 25. Rxf3 Nf6 26. Bb1 h5 27. h3 Nd5 28.
Ref1 f5 29. Qe2 Rf6 30. R3f2 Qf7 31. Qd3 Ra3 32. Qc2 Rg6 33. Rg2 Rh6 34. Qc1 Qa7
35. Re1 Rg6 36. g4 hxg4 37. hxg4 Bxb4 38. gxf5 Rxg2+ 39. Kxg2 Bxc3 40. fxe6 Bxd2
41. Qxd2 Qe7 42. Qf2 Qf6 43. Kf1 Kf8 44. Be4 Qxe6 45. Bg2 Qf5 46. Kg1 Qg4 47.
Qc2 Re3 48. Ra1 Re2 49. Ra8+ Kf7 50. Ra7+ Ne7 51. Qxc6 Re1+ 52. Kf2 Qh4+ 53. Kf3
Qh5+ 54. Kg3 Re3+ 55. Bf3 Qg6+ 56. Qxg6+ Kxg6 57. Kf2 Nf5 58. Ra6+ Kf7 59. Rb6
g6 60. Bd5+ Kg7 61. Rxb5 Re2+ 62. Kf1 Rd2 63. Rb7+ Kh6 64. Bg8 Kh5 65. d5 Kg4
66. Ke1 Rd4 67. Bf7 Nh4 68. Ke2 Kxf4 69. Rb6 g5 70. Rf6+ Ke4 71. Re6+ Kf5 72.
Rc6 Ng2 73. Rc3 Nf4+ 74. Kf2 g4 75. Be6+ Kg5 76. Rg3 Nxd5 1/2-1/2

[Event "56th ch-CUB 2019"]
[Site "Santa Clara CUB"]
[Date "2019.02.06"]
[Round "4.6"]
[White "Gonzalez Vidal, Yuri"]
[Black "Garcia Pantoja, Roberto"]
[Result "1/2-1/2"]
[WhiteTitle "GM"]
[BlackTitle "IM"]
[WhiteElo "2565"]
[BlackElo "2514"]
[WhiteFideId "3503321"]
[BlackFideId "3509265"]
[EventDate "2019.02.03"]
[EventType "tourn"]

1. e4 e6 2. d4 d5 3. Nd2 c5 4. Ngf3 cxd4 5. exd5 Qxd5 6. Bc4 Qd6 7. O-O Nf6 8.
Nb3 Nc6 9. Nbxd4 Nxd4 10. Nxd4 a6 11. Re1 Bd7 12. Bg5 O-O-O 13. Re3 Bc6 14. Rd3
Be4 15. Nb5 Qe7 16. Rxd8+ Qxd8 17. Na7+ Kc7 18. Qxd8+ Kxd8 19. Rd1+ Kc7 20. Bf4+
Kb6 21. Nc8+ Kc6 22. Na7+ Kb6 23. Nc8+ Kc6 24. Na7+ Kb6 1/2-1/2

[Event "56th ch-CUB 2019"]
[Site "Santa Clara CUB"]
[Date "2019.02.07"]
[Round "5.1"]
[White "Garcia Pantoja, Roberto"]
[Black "Albornoz Cabrera, Carlos Daniel"]
[Result "0-1"]
[WhiteTitle "IM"]
[BlackTitle "IM"]
[WhiteElo "2514"]
[BlackElo "2577"]
[WhiteFideId "3509265"]
[BlackFideId "3518736"]
[EventDate "2019.02.03"]
[EventType "tourn"]

1. e4 c5 2. Nf3 Nc6 3. d4 cxd4 4. Nxd4 Nf6 5. Nc3 e5 6. Ndb5 d6 7. Bg5 a6 8. Na3
b5 9. Nd5 Be7 10. Bxf6 Bxf6 11. c4 b4 12. Nc2 O-O 13. h4 Be6 14. g3 a5 15. Bg2
Bxd5 16. cxd5 Nb8 17. Ne3 Na6 18. Rc1 Rc8 19. Rxc8 Qxc8 20. Bh3 Qb8 21. O-O Nc5
22. Qf3 Bd8 23. Rc1 Bb6 24. Nc4 Qd8 25. h5 Ba7 26. h6 Qg5 27. Rd1 Qxh6 28. Kg2
Nb7 29. Bd7 Qg5 30. Qf5 Qd8 31. Bc6 Nc5 32. Rh1 g6 33. Qh3 h5 34. f3 f5 35. exf5
Rxf5 36. Qh4 Qf8 37. Rf1 e4 38. f4 Rf6 39. Re1 Qe7 40. f5 Qf8 41. Qg5 Qg7 42.
fxg6 Rxg6 43. Qd8+ Qf8 44. Qxf8+ Kxf8 45. Rf1+ Ke7 46. Rf5 Nd3 47. Kh2 h4 48. g4
Rxg4 49. Bd7 Bg1+ 50. Kh3 Nf2+ 51. Rxf2 Rg3+ 0-1

[Event "56th ch-CUB 2019"]
[Site "Santa Clara CUB"]
[Date "2019.02.07"]
[Round "5.2"]
[White "Martinez Duany, Lelys Stanley"]
[Black "Gonzalez Vidal, Yuri"]
[Result "0-1"]
[WhiteTitle "GM"]
[BlackTitle "GM"]
[WhiteElo "2547"]
[BlackElo "2565"]
[WhiteFideId "3504727"]
[BlackFideId "3503321"]
[EventDate "2019.02.03"]
[EventType "tourn"]

1. Nf3 d5 2. c4 e6 3. g3 Nf6 4. Bg2 dxc4 5. Qa4+ Nbd7 6. O-O a6 7. Qxc4 b5 8.
Qc2 Bb7 9. b3 Be7 10. Bb2 c5 11. d3 O-O 12. Nbd2 Qb6 13. Rac1 Rac8 14. Qb1 Rfd8
15. Qa1 Qa7 16. Rc2 Qa8 17. Rfc1 Bf8 18. a3 h6 19. Nf1 Nd5 20. N1d2 N5b6 21. h4
a5 22. a4 bxa4 23. bxa4 Bc6 24. Nc4 Nxa4 25. Be5 Nab6 26. Nxb6 Nxb6 27. Rxc5 a4
28. R5c3 Bb7 29. Rc7 Nd5 30. R7c4 a3 31. Nd2 f6 32. Bd4 Rxc4 33. Nxc4 e5 34. Bb6
Nxb6 35. Nxb6 Qa6 36. Qa2+ Kh8 37. Nd5 Qe6 38. e4 Bxd5 39. exd5 Qd7 40. Rc6 Bd6
41. Ra6 Qb7 42. Rxd6 Rxd6 43. Qxa3 Qa6 44. Qb4 f5 45. Qb8+ Kh7 46. h5 Qb6 47.
Qc8 Rf6 48. Qe8 Qd4 49. Bh3 Qxd3 50. Qxe5 Qd1+ 51. Kh2 Qxh5 52. d6 Qf7 53. Qe7
Kg8 54. Qe5 Qd7 55. Kg1 Qxd6 56. Qxd6 Rxd6 57. Bxf5 Kf7 58. Kg2 Kf6 59. Be4 Ke5
60. f3 Kd4 61. Kh3 Ke3 62. Kh4 Rf6 63. Kg4 Kf2 64. f4 Re6 0-1

[Event "56th ch-CUB 2019"]
[Site "Santa Clara CUB"]
[Date "2019.02.07"]
[Round "5.3"]
[White "Hernandez Gonzalez, William"]
[Black "Fernandez Cardoso, Alexey"]
[Result "0-1"]
[WhiteTitle "IM"]
[BlackTitle "IM"]
[WhiteElo "2445"]
[BlackElo "2437"]
[WhiteFideId "3509915"]
[BlackFideId "3504379"]
[EventDate "2019.02.03"]
[EventType "tourn"]

1. e4 c5 2. Nf3 e6 3. d4 cxd4 4. Nxd4 a6 5. Bd3 Nf6 6. O-O Qc7 7. c4 d6 8. Nc3
g6 9. Be3 Bg7 10. Rc1 O-O 11. f3 Nbd7 12. Qd2 Ne5 13. Be2 Re8 14. b3 b6 15. Rfd1
Bb7 16. Na4 Ned7 17. Bf1 Rac8 18. Ne2 Bf8 19. Bd4 Bc6 20. Nxb6 Nxb6 21. Bxf6 Nd7
22. Bb2 a5 23. Qd4 e5 24. Qd2 Qb6+ 25. Kh1 Nc5 26. Ba3 Ne6 27. Rc3 d5 28. c5 Qa7
29. exd5 Bxd5 30. Qe3 Ba8 31. Rdc1 Nc7 32. Rc4 Nd5 33. Qd2 Rcd8 34. Ng3 Nb4 35.
Qe1 Bd5 36. Ne4 Be7 37. Bxb4 Bxc4 38. Bxc4 axb4 39. Qxb4 Kg7 40. Bb5 Rd4 41. Qe1
Rc8 42. c6 Qxa2 43. Ba4 Qa3 44. h3 Bb4 45. Qf1 Ba5 46. Rc2 Rcd8 47. Qb5 Bc7 48.
Qe2 f5 49. Nc5 Qa1+ 50. Kh2 e4+ 51. g3 Rd1 52. Qf2 e3 0-1

[Event "56th ch-CUB 2019"]
[Site "Santa Clara CUB"]
[Date "2019.02.07"]
[Round "5.4"]
[White "Quesada Perez, Luis Ernesto"]
[Black "Almeida Quintana, Omar"]
[Result "1/2-1/2"]
[WhiteTitle "GM"]
[BlackTitle "GM"]
[WhiteElo "2513"]
[BlackElo "2550"]
[WhiteFideId "3520773"]
[BlackFideId "3503313"]
[EventDate "2019.02.03"]
[EventType "tourn"]

1. c4 g6 2. Nc3 Bg7 3. g3 c5 4. Bg2 Nc6 5. Nf3 d6 6. O-O e6 7. a3 Nge7 8. Rb1 b6
9. d3 Bb7 10. Bd2 O-O 11. b4 Qd7 12. Qc1 Nd4 13. e4 f5 14. Bh6 Nxf3+ 15. Bxf3
fxe4 16. Bxe4 Bxh6 17. Qxh6 Nf5 18. Qd2 Nd4 19. f4 Bxe4 20. dxe4 e5 1/2-1/2

[Event "56th ch-CUB 2019"]
[Site "Santa Clara CUB"]
[Date "2019.02.07"]
[Round "5.5"]
[White "Martinez Ramirez, Lennis"]
[Black "Quesada Perez, Yasser"]
[Result "1/2-1/2"]
[WhiteTitle "IM"]
[BlackTitle "GM"]
[WhiteElo "2452"]
[BlackElo "2538"]
[WhiteFideId "3509079"]
[BlackFideId "3509362"]
[EventDate "2019.02.03"]
[EventType "tourn"]

1. d4 d5 2. c4 dxc4 3. Nf3 Nf6 4. e3 c5 5. Bxc4 cxd4 6. exd4 g6 7. Ne5 e6 8. Nc3
Bg7 9. Qa4+ Nbd7 10. Qa3 Qe7 11. Qxe7+ Kxe7 12. b3 a6 13. Ba3+ Ke8 14. Be2 Bf8
15. Bxf8 Kxf8 16. Rc1 Kg7 17. a4 b6 18. Bf3 Ra7 19. Nc4 Bb7 20. Ke2 b5 21. Nd6
Bxf3+ 22. Kxf3 e5 23. Rhd1 bxa4 24. bxa4 Rb8 25. Nce4 exd4 26. Rxd4 Rb3+ 27. Rc3
Ne5+ 28. Ke2 Rb2+ 29. Rd2 Nxe4 30. Nxe4 Rb4 31. Nc5 a5 32. Rd5 Ng4 33. h3 Re7+
34. Kf3 Nf6 35. Rd2 Re5 36. g3 Rxc5 37. Rxc5 Ne4 38. Rdd5 Nxc5 39. Rxc5 Rxa4 40.
g4 Ra3+ 41. Kg2 Ra1 42. g5 a4 43. Ra5 h6 44. h4 hxg5 45. hxg5 Kf8 46. Ra7 a3 47.
Kh2 Ke8 48. Kg2 a2 49. Kh2 Kd8 50. Kg2 Kc8 51. Kh2 Kb8 52. Ra3 Kb7 53. Kg2 Kb6
54. Ra8 Kc5 55. Ra7 Kd4 56. Ra6 Ke4 57. Ra7 Ke5 58. Kh2 Kf4 59. Rxf7+ Ke4 60.
Ra7 Kf3 61. Rf7+ Ke2 62. Ra7 Kxf2 63. Ra3 Ke2 64. Kg2 Kd2 65. Kh2 Kc2 66. Ra8
Kc3 67. Kg2 Kd4 68. Ra4+ Ke5 69. Ra5+ Kf4 70. Kh2 Kf3 71. Ra4 Rf1 72. Rxa2 Kg4
73. Ra5 Rf2+ 74. Kg1 Rf5 75. Rxf5 Kxf5 76. Kf2 Kf4 77. Kg2 Kxg5 78. Kg3 1/2-1/2

[Event "56th ch-CUB 2019"]
[Site "Santa Clara CUB"]
[Date "2019.02.07"]
[Round "5.6"]
[White "Ortiz Suarez, Isan Reynaldo"]
[Black "Espinosa Veloz, Ermes"]
[Result "1-0"]
[WhiteTitle "GM"]
[BlackTitle "GM"]
[WhiteElo "2519"]
[BlackElo "2516"]
[WhiteFideId "3507165"]
[BlackFideId "3507424"]
[EventDate "2019.02.03"]
[EventType "tourn"]

1. c4 Nf6 2. g3 g6 3. Bg2 Bg7 4. Nc3 d6 5. d4 O-O 6. Nf3 Nc6 7. O-O e5 8. d5 Nb8
9. c5 Na6 10. cxd6 cxd6 11. Ne1 Bd7 12. Nd3 b5 13. a3 Nc5 14. Nb4 a5 15. Nc6 Qb6
16. Be3 Ng4 17. Bxc5 dxc5 18. Qb3 e4 19. Na4 Qc7 20. Qxb5 Rfe8 21. Qxc5 Rac8 22.
Rac1 Bxc6 23. dxc6 Re6 24. Rfd1 Bf8 25. Qb5 Rf6 26. Qb7 Rxc6 27. Qxc6 Qxc6 28.
Rxc6 Rxc6 29. Bxe4 Rc4 30. Nc3 Bxa3 31. Bd3 Rc8 32. bxa3 Rxc3 33. a4 Kg7 34. Bb5
g5 35. Rd5 f6 36. Rd7+ Kg8 37. Ra7 h5 38. Rxa5 h4 39. gxh4 gxh4 40. h3 Ne5 41.
Kg2 1-0

[Event "56th ch-CUB 2019"]
[Site "Santa Clara CUB"]
[Date "2019.02.08"]
[Round "6.1"]
[White "Albornoz Cabrera, Carlos Daniel"]
[Black "Espinosa Veloz, Ermes"]
[Result "1/2-1/2"]
[WhiteTitle "IM"]
[BlackTitle "GM"]
[WhiteElo "2577"]
[BlackElo "2516"]
[WhiteFideId "3518736"]
[BlackFideId "3507424"]
[EventDate "2019.02.03"]
[EventType "tourn"]

1. Nf3 Nf6 2. c4 g6 3. Nc3 d5 4. Qa4+ Bd7 5. Qb3 dxc4 6. Qxc4 c5 7. g3 Nc6 8.
Bg2 e5 9. O-O h6 10. e3 Rc8 11. Qb3 Be6 12. Qa4 Nd7 13. d4 cxd4 14. exd4 Nb6 15.
Qd1 exd4 16. Ne2 Bg7 17. Nf4 O-O 18. Nxe6 fxe6 19. Ne1 Nd5 20. Nd3 Qd6 21. Bd2
Kh7 22. h4 h5 23. Re1 Bh6 24. Be4 Kg7 25. Bxh6+ Kxh6 26. Qd2+ Kg7 27. Qg5 Rf6
28. Bxd5 exd5 29. Nf4 Rxf4 30. Qxf4 Qxf4 31. gxf4 Rf8 32. Kg2 Rxf4 33. Kg3 Rg4+
34. Kh2 Rf4 35. Kg3 Rg4+ 36. Kh2 Rf4 1/2-1/2

[Event "56th ch-CUB 2019"]
[Site "Santa Clara CUB"]
[Date "2019.02.08"]
[Round "6.2"]
[White "Quesada Perez, Yasser"]
[Black "Ortiz Suarez, Isan Reynaldo"]
[Result "1/2-1/2"]
[WhiteTitle "GM"]
[BlackTitle "GM"]
[WhiteElo "2538"]
[BlackElo "2519"]
[WhiteFideId "3509362"]
[BlackFideId "3507165"]
[EventDate "2019.02.03"]
[EventType "tourn"]

1. e4 c5 2. Nc3 d6 3. Bb5+ Bd7 4. Bxd7+ Qxd7 5. d4 cxd4 6. Qxd4 Nc6 7. Qd3 g6 8.
Nf3 Bg7 9. O-O Nf6 10. Nd5 Ng4 11. c3 O-O 12. Bg5 e6 13. Ne3 Nge5 14. Nxe5 Nxe5
15. Qc2 f5 16. f4 Nf7 17. Bh4 Qc6 18. exf5 gxf5 19. Rf3 Nh8 20. Raf1 Ng6 21. Be1
Rf7 22. h4 Kh8 23. h5 Ne7 24. Bh4 Rg8 25. Qd2 Nc8 26. c4 Qe4 27. Kh1 Qd4 28.
R1f2 Qxd2 29. Rxd2 Bf6 30. Bxf6+ 1/2-1/2

[Event "56th ch-CUB 2019"]
[Site "Santa Clara CUB"]
[Date "2019.02.08"]
[Round "6.3"]
[White "Almeida Quintana, Omar"]
[Black "Martinez Ramirez, Lennis"]
[Result "1-0"]
[WhiteTitle "GM"]
[BlackTitle "IM"]
[WhiteElo "2550"]
[BlackElo "2452"]
[WhiteFideId "3503313"]
[BlackFideId "3509079"]
[EventDate "2019.02.03"]
[EventType "tourn"]

1. d4 Nf6 2. c4 c6 3. Nf3 d5 4. e3 Bg4 5. Nbd2 e6 6. h3 Bh5 7. g4 Bg6 8. Ne5
Nbd7 9. Nxg6 hxg6 10. Bg2 Bd6 11. Qc2 Qa5 12. a3 e5 13. g5 Ne4 14. c5 Bb8 15. b4
Qd8 16. Nxe4 dxe4 17. Bxe4 exd4 18. exd4 Rh4 19. Kf1 Qe7 20. Bg2 Rxd4 21. Bb2
Rh4 22. Re1 Be5 23. Bxe5 Nxe5 24. Qc3 f6 25. Qg3 Rc4 26. f4 O-O-O 27. fxe5 fxg5
28. Rh2 g4 29. hxg4 Qg5 30. Kg1 Qd2 31. Bf1 Rc3 32. Rxd2 Rxg3+ 33. Kf2 Rxa3 34.
Rxd8+ Kxd8 35. Re4 Rb3 36. Rf4 g5 37. Rd4+ Ke7 38. Be2 Ke6 39. Re4 Ke7 40. e6
Ra3 41. Bc4 Ra4 42. Bb3 Ra3 43. Re3 b5 44. Rd3 a5 45. bxa5 b4 46. Ke3 Rxa5 47.
Kd4 Ra1 48. Rf3 Rg1 49. Rf7+ Ke8 50. Rxg7 Rxg4+ 51. Ke5 Rg3 52. e7 Kd7 53. Be6+
Ke8 54. Kf6 Rf3+ 55. Bf5 1-0

[Event "56th ch-CUB 2019"]
[Site "Santa Clara CUB"]
[Date "2019.02.08"]
[Round "6.4"]
[White "Fernandez Cardoso, Alexey"]
[Black "Quesada Perez, Luis Ernesto"]
[Result "1-0"]
[WhiteTitle "IM"]
[BlackTitle "GM"]
[WhiteElo "2437"]
[BlackElo "2513"]
[WhiteFideId "3504379"]
[BlackFideId "3520773"]
[EventDate "2019.02.03"]
[EventType "tourn"]

1. e4 c6 2. d4 d5 3. e5 Bf5 4. Nf3 e6 5. Be2 c5 6. O-O Nc6 7. c3 cxd4 8. Nxd4
Nge7 9. Qb3 Qd7 10. f4 Nxd4 11. cxd4 Nc6 12. Be3 h5 13. Nc3 Be7 14. Rac1 g6 15.
Na4 Na5 16. Qd1 Rc8 17. Nc5 Bxc5 18. dxc5 Nc6 19. Qd2 d4 20. Rfd1 Rd8 21. Bf2 d3
22. Bf3 g5 23. Rc4 gxf4 24. Qxf4 Rg8 25. Bxh5 Qc7 26. Bh4 Nxe5 27. Bxd8 Qc6 28.
Bg5 Rxg5 29. Qxg5 Nxc4 30. Qg8+ Kd7 31. Qxf7+ Kc8 32. Qf8+ Kc7 33. Qe7+ Kc8 34.
Bf3 Qd7 35. Qxd7+ Kxd7 36. b3 Ne3 37. Rd2 Ke7 38. Kf2 Nc2 39. g4 Bh7 40. Bxb7 e5
41. Kf3 Ne1+ 42. Ke3 Nc2+ 43. Rxc2 dxc2 44. Kd2 Bd3 45. g5 e4 46. Kc1 Ke6 47.
Bc8+ Ke5 48. Bg4 e3 49. h4 a5 50. a3 Kd5 51. b4 axb4 52. axb4 Kc6 53. Bf3+ Kb5
54. h5 e2 55. Bxe2 Bxe2 56. Kxc2 Bxh5 57. Kc3 Kc6 58. Kd4 Bf7 59. Ke5 Bc4 60. g6
Kd7 61. Kf6 Ke8 62. g7 Kd7 63. b5 Bg8 64. b6 Bd5 65. b7 Kc7 66. c6 Bc4 67. Ke7
Bb3 68. Kf8 1-0

[Event "56th ch-CUB 2019"]
[Site "Santa Clara CUB"]
[Date "2019.02.08"]
[Round "6.5"]
[White "Gonzalez Vidal, Yuri"]
[Black "Hernandez Gonzalez, William"]
[Result "1/2-1/2"]
[WhiteTitle "GM"]
[BlackTitle "IM"]
[WhiteElo "2565"]
[BlackElo "2445"]
[WhiteFideId "3503321"]
[BlackFideId "3509915"]
[EventDate "2019.02.03"]
[EventType "tourn"]

1. e4 c5 2. Nf3 Nc6 3. Bb5 g6 4. O-O Bg7 5. Re1 e5 6. Bxc6 dxc6 7. d3 Qe7 8.
Nbd2 Nf6 9. Nc4 Nd7 10. Bd2 b6 11. Qc1 h6 12. a3 Ba6 13. a4 Bxc4 14. dxc4 a5 15.
Ra3 Qe6 16. Rc3 O-O-O 17. b3 f5 18. Rd3 f4 19. Bc3 Nb8 20. Red1 Rxd3 21. Rxd3 g5
22. Qd1 Kc7 23. h3 Bf6 24. Nh2 h5 25. Be1 Nd7 26. f3 1/2-1/2

[Event "56th ch-CUB 2019"]
[Site "Santa Clara CUB"]
[Date "2019.02.08"]
[Round "6.6"]
[White "Garcia Pantoja, Roberto"]
[Black "Martinez Duany, Lelys Stanley"]
[Result "1-0"]
[WhiteTitle "IM"]
[BlackTitle "GM"]
[WhiteElo "2514"]
[BlackElo "2547"]
[WhiteFideId "3509265"]
[BlackFideId "3504727"]
[EventDate "2019.02.03"]
[EventType "tourn"]

1. e4 c5 2. Nf3 Nc6 3. d4 cxd4 4. Nxd4 g6 5. c4 Nf6 6. Nc3 d6 7. Be2 Nxd4 8.
Qxd4 Bg7 9. Be3 O-O 10. Qd2 a5 11. O-O a4 12. Bd4 Qa5 13. Rad1 Be6 14. f4 Rfc8
15. b3 b5 16. f5 b4 17. fxe6 bxc3 18. exf7+ Kf8 19. Bxc3 Qc5+ 20. Kh1 Nxe4 21.
Bxg7+ Kxg7 22. Qb2+ Nf6 23. Bg4 Rcb8 24. Be6 axb3 25. axb3 Qe3 26. f8=B+ Rxf8
27. Rde1 Qg5 28. b4 Kh6 29. Rf3 Nh5 30. Bd5 Rac8 31. b5 Rxf3 32. Bxf3 Rxc4 33.
b6 Rh4 34. g4 Rh3 35. b7 Qh4 36. Qd2+ Kg7 37. Rxe7+ Qxe7 38. b8=Q Rxf3 39. gxh5
Qe4 40. h6+ Kf7 41. Qa7+ Ke8 42. Qb8+ Kf7 43. Qc7+ Ke8 44. Kg1 Qg4+ 45. Qg2 Qd4+
46. Kh1 Qa1+ 47. Qg1 Qa8 48. Qca7 Qc6 49. Qab6 Qa8 50. Qa7 Qc6 51. Qb8+ Kd7 52.
Qbb6 Qd5 53. Qa7+ Ke8 54. Qb8+ Kf7 55. Qga7+ Kf6 56. Qd8+ Kf5 57. Qad7+ Ke5 58.
Q7e7+ Kd4 59. Qb6+ Kd3 60. Qb1+ Kd4 61. Qb4+ Kd3 62. Qa3+ Kd2 63. Qb2+ 1-0

[Event "56th ch-CUB 2019"]
[Site "Santa Clara CUB"]
[Date "2019.02.09"]
[Round "7.1"]
[White "Martinez Duany, Lelys Stanley"]
[Black "Albornoz Cabrera, Carlos Daniel"]
[Result "1/2-1/2"]
[WhiteTitle "GM"]
[BlackTitle "IM"]
[WhiteElo "2547"]
[BlackElo "2577"]
[WhiteFideId "3504727"]
[BlackFideId "3518736"]
[EventDate "2019.02.03"]
[EventType "tourn"]

1. Nf3 Nf6 2. c4 e6 3. d4 d5 4. Nc3 Bb4 5. Bg5 dxc4 6. e4 c5 7. Bxc4 cxd4 8.
Nxd4 Bxc3+ 9. bxc3 Qa5 10. Bb5+ Nbd7 11. Bxf6 Qxc3+ 12. Kf1 gxf6 13. h4 1/2-1/2

[Event "56th ch-CUB 2019"]
[Site "Santa Clara CUB"]
[Date "2019.02.09"]
[Round "7.2"]
[White "Hernandez Gonzalez, William"]
[Black "Garcia Pantoja, Roberto"]
[Result "0-1"]
[WhiteTitle "IM"]
[BlackTitle "IM"]
[WhiteElo "2445"]
[BlackElo "2514"]
[WhiteFideId "3509915"]
[BlackFideId "3509265"]
[EventDate "2019.02.03"]
[EventType "tourn"]

1. e4 c5 2. Nf3 d6 3. d4 cxd4 4. Nxd4 Nf6 5. Nc3 a6 6. Bg5 e6 7. f4 Qb6 8. Nb3
Nbd7 9. Qf3 Qc7 10. O-O-O b5 11. Bd3 Bb7 12. a3 Be7 13. Bh4 Nc5 14. Kb1 O-O 15.
Bf2 Nxb3 16. cxb3 b4 17. axb4 Bc6 18. g4 Rfb8 19. f5 exf5 20. gxf5 Rxb4 21. Bc4
a5 22. Rhg1 a4 23. Qg2 Bf8 24. Bd4 axb3 25. Bxf6 Rxc4 26. Bxg7 Bxe4+ 27. Qxe4
Rxe4 28. Bf6+ Bg7 29. Rxg7+ Kf8 30. Rdg1 Re1+ 31. Rxe1 Qa7 32. Kc1 Qf2 33. Re2
Qf4+ 0-1

[Event "56th ch-CUB 2019"]
[Site "Santa Clara CUB"]
[Date "2019.02.09"]
[Round "7.3"]
[White "Quesada Perez, Luis Ernesto"]
[Black "Gonzalez Vidal, Yuri"]
[Result "1-0"]
[WhiteTitle "GM"]
[BlackTitle "GM"]
[WhiteElo "2513"]
[BlackElo "2565"]
[WhiteFideId "3520773"]
[BlackFideId "3503321"]
[EventDate "2019.02.03"]
[EventType "tourn"]

1. c4 e6 2. g3 d5 3. Nf3 Nf6 4. Bg2 dxc4 5. Qa4+ Bd7 6. Qxc4 c5 7. Ne5 Qc8 8.
O-O Nc6 9. Nxd7 Qxd7 10. Nc3 Rc8 11. Qa4 Be7 12. d3 O-O 13. Bd2 Rfd8 14. Rfc1 c4
15. Be3 cxd3 16. Rd1 Qc7 17. exd3 a6 18. Rac1 Nd7 19. d4 Nb6 20. Qc2 Nd5 21.
Nxd5 exd5 22. Qf5 g6 23. Qf3 Qd7 24. h4 h5 25. Kh2 f5 26. Qe2 Kg7 27. Rc3 Bf6
28. Rc5 Ne7 29. b4 Rc6 30. Rxc6 Nxc6 31. b5 axb5 32. Qxb5 Ne7 33. Qb3 Nc6 34.
Rb1 Nxd4 35. Qxb7 Qf7 36. Qxf7+ Kxf7 37. Rd1 Nc2 38. Bxd5+ Kg7 39. Bc5 Rc8 40.
Bb6 Rb8 41. Ba7 Re8 42. Bb3 Re7 43. Bc5 Rc7 44. Bb6 Rb7 45. Rd6 Be5 46. Bd5 Bxd6
47. Bxb7 Na3 48. Bd4+ Kf8 49. Kg2 Ke7 50. Ba6 Nc2 51. Bc3 Bc5 52. a4 Nd4 53. Bc4
Kf6 54. Bd2 Ke7 55. a5 Ke8 56. Bf4 Ke7 57. Bc7 Kd7 58. Bb6 Bxb6 59. axb6 Kc6 60.
Bf7 Kxb6 61. Bxg6 Kc6 62. Bxh5 Kd6 63. Bf7 Ke5 64. Bc4 Kf6 65. Bd3 Nc6 66. Bc2
Nd4 67. Bb1 Nc6 68. Kf3 Ne5+ 69. Ke3 Ng6 70. Kd4 Ne5 71. f4 Ng4 72. Bd3 Nf2 73.
Ke3 Ng4+ 74. Ke2 Nh2 75. Bc4 Ng4 76. Bd5 Nh6 77. Kd3 Ng4 78. Bf3 Nh6 79. Kd4 Nf7
80. Kc5 Nh6 81. Kd6 Nf7+ 82. Kd7 Nh6 83. Ke8 Nf7 84. Kf8 Nh6 85. Bh5 Nf7 86. g4 1-0

[Event "56th ch-CUB 2019"]
[Site "Santa Clara CUB"]
[Date "2019.02.09"]
[Round "7.4"]
[White "Martinez Ramirez, Lennis"]
[Black "Fernandez Cardoso, Alexey"]
[Result "1-0"]
[WhiteTitle "IM"]
[BlackTitle "IM"]
[WhiteElo "2452"]
[BlackElo "2437"]
[WhiteFideId "3509079"]
[BlackFideId "3504379"]
[EventDate "2019.02.03"]
[EventType "tourn"]

1. e4 c5 2. Nf3 e6 3. d4 cxd4 4. Nxd4 a6 5. Nc3 b5 6. Bd3 Bb7 7. O-O Qc7 8. a4
b4 9. Na2 Nf6 10. Qe2 Nc6 11. Nxc6 Qxc6 12. Re1 d5 13. e5 Ne4 14. Be3 Qxa4 15.
c3 bxc3 16. Nxc3 Nxc3 17. bxc3 Qc6 18. Reb1 Be7 19. Rb6 Qc7 20. Bb5+ Kf8 21.
Bxa6 g5 22. Qh5 Bxa6 23. Rbxa6 Rxa6 24. Rxa6 Qxc3 25. Qh6+ Ke8 26. Ra8+ Kd7 27.
Ra7+ Kc6 28. h4 Rb8 29. Qxh7 Bc5 30. Bxc5 Qe1+ 31. Kh2 Qxe5+ 32. g3 gxh4 33.
Ra6+ Kxc5 34. Qc2+ Kb4 35. Qa4+ Kc3 36. Rc6+ Kd2 37. Qc2+ Ke1 38. Qc1+ Kxf2 39.
Rc2+ Kf3 40. Qd1+ Ke4 41. Re2+ Kf5 42. Qf1+ 1-0

[Event "56th ch-CUB 2019"]
[Site "Santa Clara CUB"]
[Date "2019.02.09"]
[Round "7.5"]
[White "Ortiz Suarez, Isan Reynaldo"]
[Black "Almeida Quintana, Omar"]
[Result "1/2-1/2"]
[WhiteTitle "GM"]
[BlackTitle "GM"]
[WhiteElo "2519"]
[BlackElo "2550"]
[WhiteFideId "3507165"]
[BlackFideId "3503313"]
[EventDate "2019.02.03"]
[EventType "tourn"]

1. e4 d6 2. d4 Nf6 3. Nc3 g6 4. f4 Bg7 5. Nf3 c5 6. Bb5+ Bd7 7. e5 Ng4 8. Bxd7+
Qxd7 9. d5 dxe5 10. h3 e4 11. hxg4 exf3 12. Qxf3 Na6 13. Bd2 O-O-O 14. O-O-O f5
15. gxf5 gxf5 16. Be1 Nc7 17. Bh4 Qd6 18. Rhe1 Rhe8 19. g3 Rd7 20. Nb1 Nxd5 21.
Na3 Qc6 22. Nc4 e6 23. Qh5 Rf8 24. Qe2 Qa6 25. a3 Bd4 26. Rd2 Kc7 27. Ne5 Qxe2
28. Rdxe2 Bxe5 29. Rxe5 Rd6 30. c4 Nf6 31. Rxe6 Ne4 1/2-1/2